000 00796nam a22002177a 4500
999 _c4438
_d4438
003 AR-CdUCM
008 190308b ||||| |||| 00| 0 spa d
040 _aMUNICIPALIDAD PROVINCIAL DEL CUSCO
_cBIBLIOTECA MUNICIPAL DEL CUSCO
082 _a869.66 /
_bG45
100 _aGiberti, Eva
_913970
245 _aEl complejo de Edipo en la literatura :
_bSeparata de "Archivos de criminolpogia, Neuro-Psiquiatria y disciplinas conexas" /
260 _aQuito :
_bEditorial casa de la cultura Ecuatoriana,
_c1964.
300 _a36 páginas ;
_c20 cm.
500 _aDonación de la familia de Luis Nieto
505 _aContenido: Literatura ecuatoriana.
650 _aLiteratura ecuatoriana
_911889
650 _aCachorros
_913971
650 _aJorge Igaza
_913972
942 _2ddc
_cLIBROS
945 _adavv